Discos de Michael Jackson por foto - Estadísticas

Estadísticas generales
  • Esta prueba ha sido intentada 103 veces
  • La puntuación promedio es 7 de 12
Estadísticas de respuestas
Imagen Respuesta % Correcto
Bad
98%
Thriller
98%
Dangerous
78%
Off The Wall
77%
HIStory: Past, Present and Future, Book I
72%
Invincible
57%
Michael
54%
XSCAPE
54%
Ben
50%
Forever, Michael
27%
Got To Be There
23%
Music & Me
23%
No se encontraron pruebas coincidentes
Distribución de puntuación
Porcentaje de gente con cada puntuación
Porcentaje por número respondido
Historial de tus puntuaciones
No has intentado esta prueba.